000 00648nam a2200217Ia 4500
001 9755
003 GE_BSU
008 181216s||||||||xx |||||||||||||| ||und||
040 _cGE_BSU
080 _a821.353.1–1
100 _aაბშილავა,ბიეტა
245 _aმშობლიური კერა
245 _bლექსები
245 _cმხატვ.დ.ბერძენიშვილი
260 _aთბილისი
260 _bმერანი
260 _c1988
300 _a38გვ.1ფ.პორტრ.17სმ.
653 _aმშობლიური კერა
942 _cBK
999 _c43035
_d43035